000 00603naa a2200193 4500
001 155108
003 ES-MaBCM
005 20241016185848.0
008 080205s2007 esp|r0p 0 ||spa d
021 _axx
035 _a(OCoLC)1365158815
040 _cES-MaBCM
100 1 _aTajadura Tejada, Javier
_945655
245 0 0 _aCambio político en Francia
_b: ¿hacia la VI República?
_cJavier Tajadura Tejada
651 4 _aFrancia
_9115364
650 2 7 _aSituación política
_960283
773 0 _aEn:
_tRevista de derecho político
_dMadrid
_w105091
_gN. 70 (sept.-dic. 2007), p. 325-343
942 _cAREV
999 _c155108
_d155108